Hacettepe Journal of Mathematics and Statistics. (Record no. 200001934)

MARC details
000 -LEADER
fixed length control field 01052 a2200325 4500
001 - CONTROL NUMBER
control field 200001934
003 - CONTROL NUMBER IDENTIFIER
control field TR-AnTOB
005 - DATE AND TIME OF LATEST TRANSACTION
control field 20250801110437.0
008 - FIXED-LENGTH DATA ELEMENTS--GENERAL INFORMATION
fixed length control field 161129d20029999tu qn0p 0 0
022 0# - INTERNATIONAL STANDARD SERIAL NUMBER
International Standard Serial Number 1303-5010
040 ## - CATALOGING SOURCE
Original cataloging agency TR-AnTOB
Language of cataloging eng
Transcribing agency TR-AnTOB
Description conventions rda
041 0# - LANGUAGE CODE
Language code of text/sound track or separate title İngilizce
099 ## - LOCAL FREE-TEXT CALL NUMBER (OCLC)
Classification number JOURNAL - HACÜ MA
222 #0 - KEY TITLE
Key title Hacettepe Journal of Mathematics and Statistics
245 00 - TITLE STATEMENT
Title Hacettepe Journal of Mathematics and Statistics.
260 ## - PUBLICATION, DISTRIBUTION, ETC.
Place of publication, distribution, etc. Beytepe, Ankara, Turkey :
Name of publisher, distributor, etc. Faculty of Sciences of Hacettepe University
310 ## - CURRENT PUBLICATION FREQUENCY
Current publication frequency Bimonthly.
336 ## - CONTENT TYPE
Content type term text
Content type code txt
Source rdacontent
337 ## - MEDIA TYPE
Media type term unmediated
Media type code n
Source rdamedia
338 ## - CARRIER TYPE
Carrier type term volume
Carrier type code nc
Source rdacarrier
362 0# - DATES OF PUBLICATION AND/OR SEQUENTIAL DESIGNATION
Dates of publication and/or sequential designation Began in 2002.
500 ## - GENERAL NOTE
General note Avaible online (Open access)
650 00 - SUBJECT ADDED ENTRY--TOPICAL TERM
Topical term or geographic name entry element Science
Form subdivision Periodicals
9 (RLIN) 9
Topical term or geographic name entry element Bilim
Form subdivision Süreli yayınlar
9 (RLIN) 68363
710 ## - ADDED ENTRY--CORPORATE NAME
Corporate name or jurisdiction name as entry element Hacettepe Üniversitesi.
Subordinate unit Sosyal Hizmetler Yüksekokulu
9 (RLIN) 43571
856 42 - ELECTRONIC LOCATION AND ACCESS
Uniform Resource Identifier <a href="http://www.hjms.hacettepe.edu.tr/Access">http://www.hjms.hacettepe.edu.tr/Access</a>
Uniform Resource Identifier <a href="https://dergipark.org.tr/en/pub/hujms">https://dergipark.org.tr/en/pub/hujms</a>
942 ## - ADDED ENTRY ELEMENTS (KOHA)
Koha item type Continuing Resource
Source of classification or shelving scheme Library of Congress Classification

No items available.

Devinim Yazılım Eğitim Danışmanlık tarafından Koha'nın orjinal sürümü uyarlanarak geliştirilip kurulmuştur.